书目信息 |
| 题名: |
神奇的小银蛇
|
|
| 作者: | 金波 著 | |
| 分册: | ||
| 出版信息: | 武汉 长江少年儿童出版社 2018 |
|
| 页数: | 115页 | |
| 开本: | 22cm | |
| 丛书名: | 金波四季童话 | |
| 单 册: | ||
| 中图分类: | H125.4 , I287.8 | |
| 科图分类: | ||
| 主题词: | 汉语拼音--儿童读物 , 童话--作品集--中国--当代 | |
| 电子资源: | ||
| ISBN: | 978-7-5560-7015-2 | |
| 000 | 01054oam2 2200289 450 | |
| 001 | 012001011088 | |
| 005 | 20140105101752.0 | |
| 010 | @a978-7-5560-7015-2@dCNY25.00 | |
| 100 | @a20181114d2018 cd y0chiy50 ea | |
| 101 | 0 | @achi |
| 102 | @aCN@b420000 | |
| 105 | @aa z 000fy | |
| 106 | @ar | |
| 200 | 1 | @a神奇的小银蛇@Ashen qi de xiao yin she@f金波著 |
| 210 | @a武汉@c长江少年儿童出版社@d2018 | |
| 215 | @a115页@c图@d22cm | |
| 225 | 2 | @a金波四季童话@e注音美绘版@i夏天卷 |
| 330 | @a本书是《金波四季童话》系列之一。这些童话故事以夏季广大的自然界为背景,以自然界中活跃的生灵为主人公,以它们之间的生活故事展开,想象力丰富、情感纯净,再加上诗意的叙述语言,展现了爱与和谐的主题。本册收录了《蝴蝶诗人》《寻找泉水的鹿》《盲孩子和他的影子》等金波的代表作品。 | |
| 410 | 0 | @12001 @a金波四季童话 |
| 462 | 0 | @12001 @a夏天卷 |
| 606 | 0 | @a汉语拼音@j儿童读物 |
| 606 | 0 | @a童话@x作品集@y中国@z当代 |
| 690 | @aH125.4@v5 | |
| 690 | @aI287.8@v5 | |
| 701 | 0 | @a金波@Ajin bo@4著 |
| 801 | 0 | @aCN@b上海新华@c20191020 |
| 905 | @b1137893-7@dH125.4@e41@f5 | |
| 神奇的小银蛇/金波著.-武汉:长江少年儿童出版社,2018 |
| 115页:图;22cm.-(金波四季童话:注音美绘版.夏天卷) |
| ISBN 978-7-5560-7015-2:CNY25.00 |
| 本书是《金波四季童话》系列之一。这些童话故事以夏季广大的自然界为背景,以自然界中活跃的生灵为主人公,以它们之间的生活故事展开,想象力丰富、情感纯净,再加上诗意的叙述语言,展现了爱与和谐的主题。本册收录了《蝴蝶诗人》《寻找泉水的鹿》《盲孩子和他的影子》等金波的代表作品。 |
| ● |
| 相关链接 |
|
|
|
|
正题名:神奇的小银蛇
索取号:H125.4/41
 
预约/预借
| 序号 | 登录号 | 条形码 | 馆藏地/架位号 | 状态 | 备注 |
| 1 | 1137893 | 211378935 | 第二样本阅览室/ [索取号:H125.4/41] | 在馆 | |
| 2 | 1137894 | 211378944 | 第四借阅区/ [索取号:H125.4/41] | 在馆 | |
| 3 | 1137895 | 211378953 | 第四借阅区/ [索取号:H125.4/41] | 在馆 | |
| 4 | 1137896 | 211378962 | 第四借阅区/ [索取号:H125.4/41] | 在馆 | |
| 5 | 1137897 | 211378971 | 第四借阅区/ [索取号:H125.4/41] | 在馆 |